Score 0/17 Timer 02:00
1 Play Today
Clue Word % Correct
____-Dong, doorbell soundDING
97.7%
10 ¢ent ¢oinDIME
97%
Someone with a terrible voice is '____ deaf'TONE
97%
Eat dinner at a restaurantDINE
96.7%
Spine or femur, e.g.BONE
96.6%
18:30 in Europe or 6:30 PM in the USA, e.g.TIME
94.9%
Fork's prongTINE
91.7%
Not mentally illSANE
90.9%
☠[Rung 1] ____, 'Stand By Me' singer☠
☠Stephen ____, Author of 'The [Rung 17]'☠
☠KING☠
90%
Clue Word % Correct
With above, famous apeKONG
86.8%
'The Dark Knight Rises' villainBANE
80.1%
'Stand By Me' or 'I'll Stand By You', e.g.SONG
78.4%
Unit of subjective loudnessSONE
69.9%
Said goodbyeBADE
56.4%
Be an omen of an outcomeBODE
41.3%
☠____ [Rung 9], 'Stand By Me' singer☠☠BEN E.☠
34.2%
☠'The ____', Novella on which 'Stand By Me' is based☠☠BODY☠
33.4%

Today's Daily Dose

Remove Ads.
Support Sporcle.
Get the best of Sporcle when you Go Orange. This ad-free experience offers more features, more stats, and more fun while also helping to support Sporcle. Thank you for becoming a member.

You're not logged in!

Compare scores with friends on all Sporcle quizzes.
OR
Log In

Show Comments

Extras

Top Quizzes Today


Score Distribution

Your Account Isn't Verified!

In order to create a playlist on Sporcle, you need to verify the email address you used during registration. Go to your Sporcle Settings to finish the process.

Report this User

Report this user for behavior that violates our Community Guidelines.

Details: